Perspectives in Consumer Behavior (Record no. 1416)

MARC details
005 - DATE AND TIME OF LATEST TRANSACTION
control field 20250414172441.0
020 ## - INTERNATIONAL STANDARD BOOK NUMBER
International Standard Book Number 0-673-15394-0
082 ## - DEWEY DECIMAL CLASSIFICATION NUMBER
Classification number 658.834 KAS
100 ## - MAIN ENTRY--PERSONAL NAME
Author name KASSARJIAN, H. H.
245 ## - TITLE STATEMENT
Title Perspectives in Consumer Behavior
250 ## - EDITION STATEMENT
Edition statement 3rd Ed.
260 ## - PUBLICATION, DISTRIBUTION, ETC.
Place of publication, distribution, etc. Dallas,
Name of publisher, distributor, etc. Scott, Foresman and Company,
Date of publication, distribution, etc. 1981.
300 ## - PHYSICAL DESCRIPTION
Extent xxii, 538p., ill., figure, table,
Other physical details References, index,
Dimensions 23cm.
700 ## - ADDED ENTRY--PERSONAL NAME
Other authors/Editors ROBERTSON, T. S.
942 ## - ADDED ENTRY ELEMENTS (KOHA)
Source of classification or shelving scheme Dewey Decimal Classification
Koha item type Books
Holdings
Date last seen Total checkouts Full call number Barcode Cost, replacement price Price effective from Koha item type Lost status Source of classification or shelving scheme Damaged status Not for loan Withdrawn status Home library Current library Shelving location Date acquired Cost, normal purchase price
04/14/2025   658.834 KAS 0000004054 90000.00 04/14/2025 Books   Dewey Decimal Classification       College of Business Education Main Library College of Business Education Main Library General Collection 04/14/2025 30000.00